000 01039nam0a22002651 4500
001 rc\2185810
005 20260407030735.0
035 _a(NLR Aleph) 006610563
090 _a7344469
_c7344469
100 _a20110829d1978 |||y0rusy50 ca
101 0 _arus
102 _aRU
105 _aa z |||||
200 1 _aКомплекс машин для заготовки сена с образованием рулонов
_fРесп. об-ние "Казсельхозтехника" Совета Министров КазССР. ОНТИ и рекламы
210 _aАлма-Ата
_cКайнар
_d1978
215 _a14 с.
_cил.
_d20
300 _aАвт. указан в вып. дан.
700 1 _aЛяшко
_bВ.А.
_gВиктор Артемович
712 0 2 _a"Казсельхозтехника", объединение
_cАлма-Ата
_3RU\NLR\AUTH\8810012647
_9523127
801 0 _aRU
_bNLR
_gpsbo
801 1 _aRU
_bELAR
_2rusmarc
852 _aNLR
_j78-4/11225
899 _aRuMoRGB
_jM 78-11/1073
942 _cBOOK
980 _aNB